[Event "GRE-chT 51st"]
[White "Oikonomopoulos, Filippos"]
[Black "Gkougkoustamos, Sotirios"]
[Site "Trikala"]
[Round "6.10"]
[Result "1-0"]
[Date "2024.07.09"]
[WhiteElo "2138"]
[BlackElo "1473"]
[PlyCount "93"]
[EventDate "2024.07.04"]
[EventType "team-swiss"]
[EventRounds "7"]
[EventCountry "GRE"]
[SourceTitle "CBM 221 Extra"]
[Source "ChessBase"]
[SourceDate "2024.09.30"]
[SourceVersion "1"]
[SourceVersionDate "2024.09.30"]
[SourceQuality "1"]
[WhiteTeam "Eaao Fysiolatris Nikias"]
[BlackTeam "Ippotis Rodi"]
[WhiteTeamCountry "GRE"]
[BlackTeamCountry "GRE"]

1. e4 e5 2. Nf3 Nc6 3. d4 exd4 4. Nxd4 Bc5 5. Nb3 Bb6 6. Nc3 Nf6 7. Bg5 h6 8. Bh4 d6 9. Bd3 Be6 10. 0-0 g5 11. Bg3 h5 12. h3 h4 13. Bh2 Qd7 14. Kh1 g4 15. hxg4 Nxg4 16. Qe2 Qe7 17. Nd5 Qg5 18. Bf4 Qg7 19. a4 h3 20. g3 0-0-0 21. a5 Bc5 22. a6 b6 23. c3 Rde8 24. Qc2 f5 25. Nxc5 bxc5 26. Bb5 Bd7 27. Qd2 Nce5 28. Bxd7+ Kxd7 29. exf5 Qf7 30. f3 Kc6 31. Rad1 Nf6 32. Nxf6 Qxf6 33. Qd5+ Kd7 34. g4 c6 35. Qxc5 Ke7 36. Qxa7+ Kf8 37. Qd4 d5 38. Rfe1 Qh4 39. Rxe5 Rxe5 40. Bxe5 Rh7 41. a7 Rxa7 42. Qxa7 Qf2 43. Qxf2 Ke7 44. Qc5+ Kd7 45. Qd6+ Ke8 46. f6 c5 47. Qe7# 1-0